Oseanian liput - Statistics

Yleistilastot
  • Tätä visaa on pelattu 3 125 kertaa
  • Keskiarvotulos 10 / 14
Vastaustilastot
Kuvavisa Vastaus % Oikein
Australia
98%
Uusi-Seelanti
97%
Fidži
77%
Nauru
76%
Palau
76%
Papua-Uusi-Guinea
75%
Mikronesia
74%
Tuvalu
73%
Tonga
72%
Kiribati
70%
Marshallinsaaret
67%
Samoa
66%
Vanuatu
65%
Salomoninsaaret
64%
Ehtoja vastaavia visoja ei löytynyt
Tulosjakauma
Jokaisen tuloksen saaneiden osuus
Persentiili vastausten määrän mukaan
Tuloshistoriasi
Et ole pelannut tätä visaa